Online Catalogue and eLibrary

Psychological aspects of women's relationship to religion (Record no. 790)

MARC details
000 -LEADER
fixed length control field 00450nam a2200157Ia 4500
005 - DATE AND TIME OF LATEST TRANSACTION
control field 20240717053405.0
008 - FIXED-LENGTH DATA ELEMENTS--GENERAL INFORMATION
fixed length control field 240331s9999 xx 000 0 und d
082 ## - DDC Classification
Class No. 200.042
Item Number - Author Mark SAD
100 ## - MAIN ENTRY--PERSONAL NAME
Personal name Sadhwani, S.L
245 #0 - TITLE STATEMENT
Title Psychological aspects of women's relationship to religion
260 ## - PUBLICATION, DISTRIBUTION, ETC.
Place of publication, distribution, etc. Colombo
Name of publisher, distributor, etc. International center for ethnic studies
Date of publication, distribution, etc. 1991
300 ## - PHYSICAL DESCRIPTION
Extent (e.g. Volumes, Pages etc.) 61 p ., ( V 4)
650 ## - SUBJECT ADDED ENTRY--TOPICAL TERM
Topical term or geographic name entry element Psychology
650 ## - SUBJECT ADDED ENTRY--TOPICAL TERM
Topical term or geographic name entry element Woman's Relationship
942 ## - Koha item type (Biblio)
Koha item type Books in Stacks (Lending)
Holdings
Lost status Damaged status Collection code Home library Current library Shelving location Date acquired Full call number Accession Number Item type
    Lending WERC Library WERC Library Social Science Cupboard 03/31/2024 200.042 SAD 2573 Books in Stacks (Lending)

© WERC Library